000 00814nam a22002417a 4500
005 20180612134737.0
010 _aENG-93881 B-688839-852
020 _a9788190570404
_c200.00
020 _a9788190570404
_c400.00
035 _aEN-77414
035 _aB-688839-852
037 _bDBAD / PUB
037 _bSaraswat Book Publishing
082 _a615.535
100 _aSethi, Nitin
245 _aCure by vegetables & fruits /
_cby Nitin Sethi
260 _aNoida
_bSaraswati Book
_c2016
270 _aE-108, Sector - 22,
_bNOIDA ,U.P.
300 _a172p.
_c22cm(Hb)
500 _aIncludes index
942 _2ddc
_cEN
_mSET
_h615.535
999 _c27205
_d27205